000 00965cab a2200193 4500
001 ##L132791
008 060308n2006 000 0 eng u
035 _a(Sirsi) u132791
041 0 _aeng
100 1 _aSykes, Olivier
245 0 0 _aCities and urban areas in the new European cohesion policy
260 _c2006
490 0 _aTown & Country Planning
_v75(2) February 2006, 62-65(4)
520 _aReviews the key European level documents over the past year that have reflected upon the issues facing urban areas in Europe and the role that cities can play in contributing to driving forward the EU's renewed commitment to the objectives of the Lisbon Strategy. Covers the proposals for community strategic guidelines for cohesion policy, cohesion policy and cities and future policy approaches.
590 _aIKA140306
650 2 4 _aLISBON STRATEGY
690 _aENVIRONMENTAL AND LAND CONSULTANCY-PLANNING AND DEVELOPMENT-STRATEGIC PLANNING
942 _n0
999 _c76633
_d76633